The Other woman and other stories. (Record no. 13884)
[ view plain ]
| 000 -LEADER | |
|---|---|
| fixed length control field | 00530cam a22001932 4500 |
| 001 - CONTROL NUMBER | |
| control field | 0000024105 |
| 005 - DATE AND TIME OF LATEST TRANSACTION | |
| control field | 20151217155914.0 |
| 008 - FIXED-LENGTH DATA ELEMENTS--GENERAL INFORMATION | |
| fixed length control field | 130610s xx 000 0 eng d |
| 020 ## - INTERNATIONAL STANDARD BOOK NUMBER | |
| International Standard Book Number | 9966469885 |
| 040 ## - CATALOGING SOURCE | |
| Original cataloging agency | KABU |
| Transcribing agency | KABU |
| 050 #0 - LIBRARY OF CONGRESS CALL NUMBER | |
| Classification number | PR9381.9 |
| Item number | .O36O84 1996 |
| 100 1# - MAIN ENTRY--PERSONAL NAME | |
| Personal name | Ogot, Grace. |
| -- | 0000152124 |
| 245 14 - TITLE STATEMENT | |
| Title | The Other woman and other stories. |
| 260 ## - PUBLICATION, DISTRIBUTION, ETC. (IMPRINT) | |
| Place of publication, distribution, etc. | Nairobi : |
| Name of publisher, distributor, etc. | EAPH, |
| Date of publication, distribution, etc. | 1996. |
| 300 ## - PHYSICAL DESCRIPTION | |
| Extent | 250 p. |
| 852 1# - LOCATION | |
| -- | p525 KES |
| 908 ## - PUT COMMAND PARAMETER (RLIN) | |
| Put command parameter | 130610 |
| 950 ## - LOCAL HOLDINGS (RLIN) | |
| -- | 1 |
| Withdrawn status | Lost status | Source of classification or shelving scheme | Not for loan | Home library | Current library | Date acquired | Total Checkouts | Full call number | Barcode | Date last seen | Date last checked out | Price effective from | Koha item type |
|---|---|---|---|---|---|---|---|---|---|---|---|---|---|
| Library of Congress Classification | Kabarak, Main Campus | Kabarak, Main Campus | 17/12/2015 | 9 | PR9381.9 .O36O84 1996 c. 1 | 015450 | 24/11/2022 | 21/10/2022 | 17/12/2015 | Africana Collection |